| 000 | 00000nas 2200000za 4500 |
| 001 | 9.819473 |
| 003 | CaOODSP |
| 005 | 20221107142953 |
| 007 | cr ||||||||||| |
| 008 | 160615d19801984oncar p oss f000#b0fre|d |
| 022 | |y0710-7269 |
| 040 | |aCaOODSP|bfre |
| 041 | |aeng|afre |
| 043 | |an-cn--- |
| 086 | 1 |aCS61-213-PDF |
| 245 | 00|aGross domestic product by industry |h[ressource électronique] / |cStatistics Canada, Industry Product Division = Produit intérieur brut par industrie / Statistique Canada, Division du produit industriel. |
| 246 | 11|aProduit intérieur brut par industrie |
| 260 | |aOttawa : |bStatistics Canada = Statistique Canada, |c1982-1985. |
| 310 | |aAnnuel |
| 362 | 0 |a1980-1984. |
| 500 | |aÉdition numérisée de l’imprimé [par Statistique Canada]. |
| 546 | |aTexte en anglais et en français. |
| 550 | |aPublié 1984 par la Division des mesures et de l'analyse des industries. |
| 692 | 07|2gccst|aProduit intérieur brut |
| 692 | 07|2gccst|aIndustrie |
| 710 | 1 |aCanada. |bStatistique Canada. |bDivision des mesures et de l'analyse des industries. |
| 710 | 2 |aStatistique Canada.|bDivision du produit industriel. |
| 780 | 00|tReal domestic product by industry |w(CaOODSP)9.844641 |
| 791 | |tGross domestic product by industry |eeng|w(CaOODSP)9.819472 |